000 00304nam a2200157Ia 4500
100 _aElliot/Jay
650 _aFiction
942 _cBK
366 _f20
245 _aSteve Jobs Way
260 _bJaico
_c2011
082 _a808.8
_bELL
300 _a259
546 _aENGLISH
_cComputers
999 _c25171
_d25171